Проблемы антропоцентризма в лингводидактическом аспекте языкового образования; Прикладная филология и инженерное образование

Xehetasun bibliografikoak
Parent link:Прикладная филология и инженерное образование.— 2003.— C. 34-38
Egile nagusia: Антропянская Л. Н. Лилия Николаевна
Gaia:В фонде НТБ ТПУ отсутствует
Hizkuntza:errusiera
Argitaratua: 2003
Gaiak:
Formatua: Liburu kapitulua
KOHA link:https://koha.lib.tpu.ru/cgi-bin/koha/opac-detail.pl?biblionumber=600241

MARC

LEADER 00000naa0a2200000 4500
001 600241
005 20250804093821.0
035 |a (RuTPU)RU\TPU\tpu\24532 
035 |a RU\TPU\tpu\24531 
090 |a 600241 
100 |a 20140210d2003 k||y0rusy50 ca 
101 0 |a rus 
102 |a RU 
200 1 |a Проблемы антропоцентризма в лингводидактическом аспекте языкового образования  |f Л. Н. Антропянская 
333 |a В фонде НТБ ТПУ отсутствует 
463 |t Прикладная филология и инженерное образование  |o материалы II международной научно-практической конференции, Томск, 21-23 октября 2003 г.  |f Томский политехнический университет; Институт языковой коммуникации  |v C. 34-38  |d 2003 
610 1 |a труды учёных ТПУ 
700 1 |a Антропянская  |b Л. Н.  |c специалист в области социальной философии, лингвист  |c доцент Томского политехнического университета, кандидат психологических наук  |c в замужестве Фадеева  |f 1952-  |g Лилия Николаевна  |3 (RuTPU)RU\TPU\pers\28647  |9 13463 
801 1 |a RU  |b 63413507  |c 20130227 
801 2 |a RU  |b 63413507  |c 20140210  |g RCR 
850 |a 63413507 
942 |c BK